1477 1236 1453 1251 1056 1468 1755 1241 1368 1394 1290 1458 1049 1944 1418 1214 1718 1493 1169 1364 1887 1670 1717 1880 1182 1253 1262 1470 1547 1739 1600 1861 1404 1489 1098 1798 1686 1628 1380 1488 1782 1035 1453 1355 1920 1966 1047 1838 1180 1024 1179 1265 1291 1268 1401 1233 1498 1227 1775 1952 1678 1214 1744 1177 1377 1203 1023 1422 1362 1986 1448 1947 1486 1898 1757 1956 1767 1159 1220 1434 1537 1154 1106 1876 1267 1230 1079 1661 1350 1827 1407 1540 1951 1684 1035 1769 1756 1134 1499 BCNSPRNW ULIB Ver.6.0+V

เปลี่ยนเป็นภาษาไทย

Change to English
 แสดงรายละเอียดบรรณานุกรม
  กลับหน้าหลัก

Brief Record : Get Marc (ISO 2709) : E-mail record : QR code < ปิดหน้าต่าง
LEADER : 00000nam 2200000uu 4500
001    13399112706
003     ULIB
008    110905s2523||||th 000 0 tha d
020    9746138685
050  4 LB215^bส719ก ล.2 2548
245 00 เอกสารการสอนชุดวิชา การศึกษากับชีวิตและชุมชน หน่วยที่ 9-15 =^bEducation abd life and community/^cสาขาวิชาศึกษาศาสตร์มหาวิทยาลัยสุโขทัยธรรมาธิราช
246 30 การศึกษากับชีวิตและชุมชน
246 31 Education abd life and community
250    พิมพ์ครั้งที่ 22
260    กรุงเทพฯ :^bมหาวิทยาลัย,^c2523
300    483 หน้า :^bภาพประกอบ, แผนภูมิ ;^c30 ซม.
500    เอกสารการสอนชุดวิชา 20203 การศึกษากับชีวิตและชุมชน
650  4 การศึกษากับสังคม
650  4 การศึกษากับการพัฒนาประเทศ
650  4 ครู
650  4 ชุมชนกับโรงเรียน
650  4 อนามัยชุมชน
710 2  มหาวิทยาลัยสุโขทัยธรรมาธิราช. ^bสาขาวิชาศึกษาศาสตร์
945    ^p0^l0^i018576
995    ทศพร
999 ^a ทศพร
รายการนี้ยังไม่มีแท็ก
คุณยังไม่ได้ล็อกอิน คุณสามารถมีกิจกรรมร่วมกับเว็บไซต์ได้ แต่ต้องล็อกอินก่อน ::
  ล็อกอิน

รายการสื่อสารสนเทศ

ลำดับที่ ประเภท เลขเรียก/บาร์โค้ด สถานที่ สถานะ
- ไม่พบข้อมูล -

รายการใกล้เคียง
    หัวเรื่อง [การศึกษากับสังคม]
    หัวเรื่อง [การศึกษากับการพัฒนาประเทศ]
    หัวเรื่อง [ครู]
    หัวเรื่อง [ชุมชนกับโรงเรียน]
    หัวเรื่อง [อนามัยชุมชน]

BibComment


ยังไม่เคยถูกคอมเมนท์

คอมเมนท์ทรัพยากรรายการนี้
  คอมเมนท์: เอกสารการสอนชุดวิ..


 Copyright 2026. Bcnsprnw @Library